000 01332cam a22003973a 4500
001 13262213
003 OSt
005 20140310181642.0
008 030210s2003 nyub j 000 1 eng d
010 _a 2003586288
020 _a0439368510 (pbk.)
035 _a(OCoLC)ocm51619968
040 _aInFw
_cInFw
_dDLC
042 _alccopycat
050 0 0 _aPZ 7
_b.Ar671 2003
082 _aKF
_b# PYR #1
100 1 _aArcher, Chris.
_93873
245 1 4 _aThe secret city /
_cChris Archer.
260 _aNew York :
_bScholastic, Inc.,
_cc2003.
300 _a184 p. :
_bmaps ;
_c20 cm.
490 1 _aPyrates ;
_v#1
541 _j1
562 _e1
650 1 _aBuried treasure
_vFiction.
_96641
650 0 _aDetective and mystery stories.
_94339
651 0 _aNew York (N.Y.)
_vFiction.
_96642
655 7 _aChildren's stories.
_2lcsh
_93012
655 7 _aMystery fiction.
_2gsafd
_94089
655 7 _aAdventure fiction.
_2gsafd
_93061
710 2 _aCopyright Paperback Collection (Library of Congress)
_5DLC
_9705
800 1 _aArcher, Chris.
_tPyrates ;
_v1.
_96643
856 4 2 _3Publisher description
_uhttp://www.loc.gov/catdir/description/schol051/2003586288.html
906 _a7
_bcbc
_ccopycat
_d2
_encip
_f20
_gy-genrareb
942 _2lcc
_cBK-KF
_kKF
999 _c827
_d827